00503 2200193 4500001002100000005001500021008004100036020002200077035001900099041000700118082001000125090001600135100001300151245003900164260002800203300003300231500001000264650003500274INLIS00000000000214120241224112501241224||||||||| | ||| |||| || |  a978-979-054-281-5 0010-1224002141 aid0 a611.9 a611.9 AMI m0 aAminudin00aMenjaga Kebersihan Tangan dan Kaki aBogorbYudhistirac2010 avi, 70 hlm. : ilus, ; 23 cm. aCet.1 0akesehatan -- Ilmu Keterampilan